Directius municipals : entre la política i la gestió / entre la política i la gestió /
MARC
| LEADER | 00000nam a2200000Ia 4500 | ||
|---|---|---|---|
| 001 | 16578 | ||
| 003 | Arxiu | ||
| 005 | 20260324175727.0 | ||
| 008 | 160829s2004 spc xx s cat c | ||
| 020 | |a 84-7794-976-X | ||
| 040 | |a AGDB | ||
| 080 | |a FU-43-33 | ||
| 100 | |a Bertrana Horta, Xavier |9 39240 | ||
| 245 | 1 | 0 | |a Directius municipals : |b entre la política i la gestió / |c Xavier Bertrana Horta, Mariona Tomàs Fornés |
| 260 | |a [Barcelona] : |b ICPS, Institut de Ciències Polítiques i Socials : |b Diputació de Barcelona, Xarxa de Municipis, |c cop. 2004 | ||
| 300 | |a 42 p. ; |c 24 cm | ||
| 490 | 1 | |a Col·lecció món local ; |v 9 | |
| 590 | |a Bibliografia. | ||
| 590 | |a Glossari. | ||
| 590 | |a A la part superior de la coberta: Gabinet d'Estudis de la Presidència, Centre per a la Innovació Local | ||
| 650 | |a Administració local |x Direcció i administració |9 39191 | ||
| 650 | |a Administració pública |x Direcció i administració |9 32380 | ||
| 700 | |a Tomàs Fornés, Mariona |9 39241 | ||
| 710 | 2 | |a Centre per a la Innovació Local |9 54171 | |
| 710 | 2 | |a Institut de Ciències Polítiques i Socials (Barcelona, Catalunya) |9 55871 | |
| 830 | 0 | |9 55984 |a Col·lecció món local |v 9 | |
| 901 | |a Arxiu | ||
| 942 | |n 1 |2 udc |c ARXIU | ||
| 952 | |0 0 |1 0 |4 0 |6 FU4333 |7 1 |9 48885 |a Arxiu |b Arxiu |d 2016-12-01 |l 0 |o FU-43-33 |p 16578 |r 2016-12-01 00:00:00 |w 2016-12-01 |y ARXIU | ||
| 999 | |c 52720 |d 52720 | ||